000
00288nam a22001217a 4500
008
170523b xxu||||| |||| 00| 0 eng d
041
_a
eng
080
_a
94(7/8)
100
_a
16
101
_a
SHH
245
_a
THE LIFE HISTORY OF THE UNITED STATES
_c
MAY.E.H
942
_2
udc
_c
BK
999
_c
13950
_d
13950